The Scalpel The Sword: (Record no. 611329)
[ view plain ]
| 000 -LEADER | |
|---|---|
| fixed length control field | 00408nam a22001337a 4500 |
| 020 ## - INTERNATIONAL STANDARD BOOK NUMBER | |
| International Standard Book Number | 7119035487 |
| 082 ## - DEWEY DECIMAL CLASSIFICATION NUMBER | |
| Classification number | 926.1 |
| Author Mark | ALL |
| 100 ## - MAIN ENTRY--PERSONAL NAME | |
| Personal name | Allan, Ted & Gordon, Sydney |
| 245 ## - TITLE STATEMENT | |
| Title | The Scalpel The Sword: |
| Remainder of title | The Story of Dr Norman Bethune / |
| Statement of responsibility, etc. | Ted Allan, & Sydney Gordon |
| 260 ## - PUBLICATION, DISTRIBUTION, ETC. | |
| Place of publication, distribution, etc. | Beijing : |
| Name of publisher, distributor, etc. | Foreign Languages Press, |
| Date of publication, distribution, etc. | 2004. |
| 300 ## - PHYSICAL DESCRIPTION | |
| Extent | 330 p. ; |
| Dimensions | 24 cm. |
| 563 ## - BINDING INFORMATION | |
| Binding note | Hardcover. |
| 942 ## - ADDED ENTRY ELEMENTS (KOHA) | |
| Source of classification or shelving scheme | |
| Koha item type | Book |
| Withdrawn status | Lost status | Source of classification or shelving scheme | Damaged status | Not for loan | Permanent Location | Current Location | Shelving location | Date acquired | Source of acquisition | Total Checkouts | Full call number | Barcode | Date last seen | Price effective from | Koha item type |
|---|---|---|---|---|---|---|---|---|---|---|---|---|---|---|---|
| Central Library (CL) | Central Library (CL) | Chinese Studies | 09/02/2024 | Donated by Chinese Studies Center | 926.1 ALL | CL-D-2647 | 09/02/2024 | 09/02/2024 | Book |
